00370nam a22001337a 450000500170000002000220001703500240003908200160006310000120007924500370009126000330012827000560016130000190021720181218163746.0 a8189093789c95.00 aB-161757 B-161771 a616.12bRAM aRamdass aGuide to heart care/cby Ramdass aNew DelhibLotus Pressc2005 a4263/3, Ansari Road, Darya Ganj,bNew Delhic110002 avi,210p.c22cm